000 01550nam a2200385Ia 4500
001 ebr10726571
003 CaPaEBR
006 m o u
007 cr cn|||||||||
008 110818s2012 nyu sb 001 0 eng d
010 _z 2011033990
020 _z1613242689 (softcover)
020 _z9781613242681 (softcover)
020 _z9781621004677 (ebook)
040 _aCaPaEBR
_cCaPaEBR
035 _a(OCoLC)852239930
050 1 4 _aHF5382.5.C2
_bE84 2012eb
082 0 4 _a331.702089951071 E84
_222
245 0 0 _aEthnicity and careers of Chinese-Canadian young adults
_h[electronic resource] /
_cCharles P. Chen and Wendy Lee.
260 _aNew York :
_bNova Science Publishers,
_cc2012.
300 _aviii, 150 p.
490 0 _aProfessions - training, education and demographics
504 _aIncludes bibliographical references (p. [123]-133) and index.
533 _aElectronic reproduction.
_bPalo Alto, Calif. :
_cebrary,
_d2013.
_nAvailable via World Wide Web.
_nAccess may be limited to ebrary affiliated libraries.
650 0 _aCareer development
_zCanada.
650 0 _aChinese
_xEmployment
_zCanada.
650 0 _aChinese
_xEthnic identity.
650 0 _aMinorities
_xVocational guidance
_zCanada.
650 0 _aYoung adults
_xEmployment
_zCanada.
655 7 _aElectronic books.
_2local
700 1 _aChen, Charles P.
700 1 _aLee, Wendy Wing Yin.
710 2 _aebrary, Inc.
856 4 0 _uhttp://site.ebrary.com/lib/rucke/Doc?id=10726571
_zAn electronic book accessible through the World Wide Web; click to view
999 _c153125
_d153125